Most Popular Ski Resorts In The United States - Statistics

General Stats
  • This quiz has been taken 18 times
  • The average score is 4 of 10
Answer Stats
Visitors Resort % Correct
1,634,000 Vail
87%
1,601,000 Breckenridge
80%
924,000 Steamboat Springs
47%
919,000 Beaver Creek
40%
891,000 Heavenly Mountain Resort
40%
1,036,000 Keystone
40%
737,000 Northstar
27%
1,129,000 Mammoth Mountain
20%
732,000 Snowmass
20%
614,000 Okemo Mountain Resort
0%
No matching quizzes found
Score Distribution
Percent of People with Each Score
Percentile by Number Answered
Your Score History
You have not taken this quiz